000 01103nam a22003257a 4500
003 CHAP
005 20220329134455.0
008 971013s1954 r 00010 d
010 _a20900
011 _a21872
035 _a25963
040 _cCHAP
090 _aTesis
100 0 0 _aArroyo Eguiarte, Jesús.
_97524
245 _aAnálisis de la operación del distrito de riego del Alto Río Lerma, Gto. y Mich.
260 _aMéxico, D.F. :
_bEl autor,
_c1954
300 _a66 h.
_b: ilus
502 _aTesis (Ing. Agr. Esp. en Irrigación) -- ENA. Departamento de Irrigación
590 _aALEPH
_b10
_c20130110
_lUCH01
_h1245
590 _aBATCH-UPD
_b10
_c20130110
_lUCH01
_h0154
590 _aBATCH-UPD
_b10
_c20130409
_lUCH01
_h2155
590 _aBATCH-UPD
_b10
_c20130410
_lUCH01
_h1616
590 _aBATCH-UPD
_b10
_c20130914
_lUCH01
_h0402
590 _aCONVERSION
_b10
_c20130109
_lUCH01
_h1312
650 1 4 _aDistrito de Riego Alto Río Lerma, Gto. y Mich.
_932841
901 _aBK
942 _cFOLL
949 _bBC
_cTES
_d-59997
_eTS1
_i25963
_si
949 _bBC
_cTES
_d-59998
_eTS2
_fc.2
_i25963
_si
999 _c20900
_d20900